الببلوغرافيا : (رقم التسجيلة. 3321)

تفاصيل مارك
000 -الفاتح
عناصر البيانات ثابتة الطول 00839cam a2200205 i 4500
005 - تاريخ ووقت آخر معاملة
حقل ضبط 20251108164104.0
008 - عناصر البيانات ثابتة الطول
عناصر البيانات ثابتة الطول 250721s1996 ua gr 000 0 ara d
020 ## - الترقيم الدولي المعياري للكتب (ردمك)
الترقيم الدولي المعياري للكتب (ردمك) 9772702908
082 14 - رقم تصنيف ديوي العشري
رقم التصنيف 011.001
رقم المادة ب ل و
100 1# - مدخل رئيسي – اسم شخصي
الاسم الشخصي بلوم، رودلف
علاقة الشخص بالعمل/ دوره مؤلف.
245 10 - بيان العنوان
العنوان الببلوغرافيا :
بقية العنوان بحث في تعريفها ودلالاتها،
بيان المسؤولية تاليف رودلف بلوم ؛ ترجمة الدكتور شعبان عبد العزيز خليفة.
250 ## - بيان الطبعة
بيان الطبعة الطبعة الاولى.
264 31 - بيانات النشر، التوزيع…إلخ
مكان النشر، التوزيع...إلخ القاهرة :
اسم الناشر، الموزع...إلخ الدار المصريه اللبنانيه،
تاريخ النشر، التوزيع...إلخ 1996.
300 ## - الوصف المادي
عدد الوحدات المكونة للوعاء 345 صفحة.
650 17 - مدخل إضافي بالموضوع - مصطلح موضوعي
مصطلح موضوعي أو اسم جغرافي كعنصر مدخل الببلوغرافيات.
650 17 - مدخل إضافي بالموضوع - مصطلح موضوعي
مصطلح موضوعي أو اسم جغرافي كعنصر مدخل الضبط الببليوغرافي.
700 1# - مدخل إضافي - اسم شخصي
الاسم الشخصي خليفه، شعبان عبد العزيز
علاقة الشخص بالعمل/ دوره مترجم.
942 ## - بيانات إضافية (كوها)
نوع التنصيف Dewey Decimal Classification
نوع المادة (كوها) كتب
المقتنيات
حالة السحب حالة الفقدان مصدر التصنيف حالة التلف غير قابل للإعارة المكتبة الرئيسية المكتبة الحالية موقع الرف تاريخ التزويد الرقم المتسلسل Total Checkouts رقم الإستدعاء الباركود تاريخ آخر ظهور تاريخ الفاتورة نوع المادة (كوها)
    Dewey Decimal Classification     المكتبة المركزية المكتبة المركزية الإعارة 06/07/2004 380891   011.001 / ب ل و 380891 28/07/2025 06/07/2004 كتب
Implemented & Customized by: BBB with SCIT (Smart Chains for Information Technology)

Powered by Koha